Možnosti investovania do zlata a ich porovnanie s tradičnými spôsobmi zhodnocovania úspor bakalárska práca

Na minha lista:
Detalhes bibliográficos
Autor principal: Rybárik, Roman
Autor Corporativo: Fakulta podnikového manažmentu EU. Katedra podnikových financií
Outros Autores: Škriniar, Pavel, 1979-
Formato: Livro
Idioma:eslovaco
Publicado em: Bratislava 2022
Tags: Adicionar Tag
Sem tags, seja o primeiro a adicionar uma tag!

MARC

LEADER 00000nbm a2200000 4500
001 0285321
005 20230223105633.3
041 0 |a slo 
044 |a SK 
245 1 0 |a Možnosti investovania do zlata a ich porovnanie s tradičnými spôsobmi zhodnocovania úspor  |b bakalárska práca  |c Roman Rybárik ; školiteľ: Pavel Škriniar 
264 1 |a Bratislava  |c 2022 
300 |a 45 s. 
100 1 |a Rybárik, Roman 
700 1 |a Škriniar, Pavel, 1979- 
710 2 |a Fakulta podnikového manažmentu EU. Katedra podnikových financií